Loading...

NMR IN CHEMISTRY : A MULTINUCLEAR INTRODUCTION

Bibliographic Details
Main Author: KEMP WILLIAM
Format: Printed Book
Published: New Delhi Macmillan 1986
Subjects:
LEADER 00564nam a2200181 4500
020 |c 12.5 
082 |a 543.087 7 KEM 
100 |a KEMP WILLIAM 
245 |a NMR IN CHEMISTRY : A MULTINUCLEAR INTRODUCTION  |h ENGLISH 
250
260 |a New Delhi  |b Macmillan  |c 1986 
300 |a 240  |f HB 
500 |a   
590 |d Pound 12.5 
650 |a NMR IN CHEMISTRY 
942 |c BK 
999 |c 121191  |d 121191 
952 |0 0  |1 0  |4 0  |6 543_087000000000000_7_KEM  |7 0  |9 134654  |a CHE  |b CHE  |g 12.50  |l 0  |o 543.087 7 KEM  |p CHE2507  |r 2019-10-15  |w 2019-10-15  |y BK